Development and Agroforestry (Record no. 18587)
[ view plain ]
| 000 -LEADER | |
|---|---|
| fixed length control field | 00413nam a22001217a 4500 |
| 008 - FIXED-LENGTH DATA ELEMENTS--GENERAL INFORMATION | |
| fixed length control field | 201109b xxu||||| |||| 00| 0 eng d |
| 020 ## - INTERNATIONAL STANDARD BOOK NUMBER | |
| International Standard Book Number | 0855984643 |
| 050 ## - LIBRARY OF CONGRESS CALL NUMBER | |
| Classification number | S494.5 |
| Item number | .D48 2002 c.1 |
| 245 ## - TITLE STATEMENT | |
| Title | Development and Agroforestry |
| Remainder of title | scaling up the impacts of research |
| Statement of responsibility, etc. | Edited by Steven Franzel, Peter Cooper, Glenn L. Denning, & Deborah Eade |
| 260 ## - PUBLICATION, DISTRIBUTION, ETC. (IMPRINT) | |
| Place of publication, distribution, etc. | UK |
| Name of publisher, distributor, etc. | Oxfam |
| Date of publication, distribution, etc. | 2002 |
| 300 ## - PHYSICAL DESCRIPTION | |
| Extent | xii, 202p. |
| 942 ## - ADDED ENTRY ELEMENTS (KOHA) | |
| Source of classification or shelving scheme | Library of Congress Classification |
| Koha item type | General Collection |
| Withdrawn status | Lost status | Source of classification or shelving scheme | Not for loan | Home library | Current library | Date acquired | Total Checkouts | Full call number | Barcode | Date last seen | Price effective from | Koha item type |
|---|---|---|---|---|---|---|---|---|---|---|---|---|
| Library of Congress Classification | Kabarak, Main Campus | Kabarak, Main Campus | 09/11/2020 | S494.5 .D48 2002 c.1 | 023115 | 09/11/2020 | 09/11/2020 | General Collection |